|
|
|
|
| LEADER |
01063nam a22003132a 4500 |
| 001 |
001534607 |
| 003 |
CZ BrMZK |
| 005 |
20200930141959.0 |
| 007 |
ta |
| 008 |
160712s1991 xo er|||||||||||slo d |
| 035 |
|
|
|a (OCoLC)29272918
|
| 040 |
|
|
|a ABA001
|b cze
|d ABA001
|d BOA001
|
| 080 |
9 |
|
|a 792(091)
|
| 080 |
9 |
|
|a 791.43(091)
|
| 100 |
1 |
|
|a Pašteka, Július,
|d 1924-2019
|7 jn19990209629
|4 aut
|
| 245 |
1 |
0 |
|a Slovenská dramatika v epoche realizmu /
|c Július Pašteka ; Slovenská akadémia vied
|
| 260 |
|
|
|a [Bratislava] :
|b [s.n.],
|c 1991
|
| 300 |
|
|
|a 47 s.
|
| 502 |
|
|
|a Autoref. doktor. dis.
|
| 502 |
|
|
|a autoreferát - datum: 1991
|
| 502 |
|
|
|a datum obhajoby: 19910405
|
| 502 |
|
|
|a ČVO: 81-05-9
|
| 653 |
0 |
|
|a dějiny divadla
|a dějiny filmu
|a realismus
|a slovenská dramatická tvorba
|
| 655 |
|
7 |
|a autoreferáty
|7 fd131857
|2 czenas
|
| 710 |
2 |
|
|a Slovenská akadémia vied
|7 kn20010710305
|
| 910 |
|
|
|a BOA001
|b X-0963.368
|
| 990 |
|
|
|a BK
|
| 991 |
|
|
|b 201607
|
| 996 |
7 |
|
|b 2619164452
|c X-0963.368
|l MZK
|r Sklad / do 24 hodin
|n 0
|w 001592382
|u 000010
|a 1
|e BOA001
|j MZK50
|s A
|